Content management for dynamic web delivery
Successfully manage Web content to achieve a competitive edge
Đã lưu trong:
| Príomhúdar: | |
|---|---|
| Formáid: | Leabhar |
| Teanga: | Undetermined |
| Foilsithe: |
New York
John Wiley & Sons
2002
|
| Ábhair: | |
| Clibeanna: |
Cuir Clib Leis
Gan Chlibeanna, Bí ar an gcéad duine leis an taifead seo a chlibeáil!
|
| Thư viện lưu trữ: | Trung tâm Học liệu Trường Đại học Cần Thơ |
|---|
| LEADER | 00683nam a2200217Ia 4500 | ||
|---|---|---|---|
| 001 | CTU_175222 | ||
| 008 | 210402s9999 xx 000 0 und d | ||
| 020 | |c 1515570 | ||
| 082 | |a 005.276 | ||
| 082 | |b H118 | ||
| 100 | |a Hackos, JoAnn T. | ||
| 245 | 0 | |a Content management for dynamic web delivery | |
| 245 | 0 | |c JoAnn T. Hackos | |
| 260 | |a New York | ||
| 260 | |b John Wiley & Sons | ||
| 260 | |c 2002 | ||
| 520 | |a Successfully manage Web content to achieve a competitive edge | ||
| 650 | |a Web site development,Web sites,Phát triển trang web,Trang web | ||
| 650 | |x Design,Thiết kế | ||
| 904 | |i Hải | ||
| 980 | |a Trung tâm Học liệu Trường Đại học Cần Thơ | ||